| 000 -LEADER |
| fixed length control field |
00491nam a22001817a 4500 |
| 008 - FIXED-LENGTH DATA ELEMENTS--GENERAL INFORMATION |
| fixed length control field |
151015b xxu||||| |||| 00| 0 eng d |
| 020 ## - INTERNATIONAL STANDARD BOOK NUMBER |
| International Standard Book Number |
9780558032142 |
| 020 ## - INTERNATIONAL STANDARD BOOK NUMBER |
| International Standard Book Number |
0558032141 |
| 041 0# - LANGUAGE CODE |
| Language code of text/sound track or separate title |
eng |
| 080 ## - UNIVERSAL DECIMAL CLASSIFICATION NUMBER |
| Universal Decimal Classification number |
343 |
| 245 10 - TITLE STATEMENT |
| Title |
Criminology: |
| Statement of responsibility, etc |
Steven E. Barkan; |
| 250 ## - |
| -- |
Custom 3rd ed. |
| 260 ## - |
| -- |
New Jersey: |
| -- |
Prentice Hall; |
| -- |
2006. |
| 300 ## - |
| -- |
653 f.: |
| -- |
me il.; |
| -- |
25 cm. |
| 650 #0 - |
| -- |
Kriminologji |
| 650 #0 - |
| -- |
Kriminalistika |
| 942 ## - ADDED ENTRY ELEMENTS (KOHA) |
| Source of classification or shelving scheme |
|
| Item type |
Books |